| 000 | 00715nam a2200193Ia 4500 | ||
|---|---|---|---|
| 008 | 151121s9999||||xx |||||||||||||| ||und|| | ||
| 082 | _a530।03/परांज | ||
| 082 | _bHNW-57065 | ||
| 100 | _aपरांजपे | ||
| 245 | _aभौतिकशास्त्र परिभाषा कोश | ||
| 260 | _b"भाषा संचालनालय, महाराष्ट्र शासन।" | ||
| 260 | _c-- | ||
| 300 | _a369 | ||
| 600 | _aपरांजपे | ||
| 630 | _aभौतिकशास्त्र परिभाषा कोश | ||
| 700 | _aपरांजपे | ||
| 730 | _aभौतिकशास्त्र परिभाषा कोश | ||
| 942 | _cBOOK | ||
| 999 |
_c1239402 _d1239399 |
||